000 00554nam a2200217Ia 4500
005 20241129120316.0
008 241129s9999||||xx |||||||||||||| ||und||
020 _a9788119028450
037 _aTB
040 _aSDCL
_beng
_cSDCL
041 _ahin
_2hin
084 _aO152,N312,7 R3
_qSDCL
100 _aPriyamvada Usha
245 0 _aArkadipt
260 _aNew Delhi
_bRajkamal Prakashan India
_c2023
300 _a309p.
365 _aINR
_b995
650 _aHindi
942 _cTB
_hO152,N312,7 R3
999 _c1234266
_d1234266